English a: (Record no. 364733)
[ view plain ]
| 000 -LEADER | |
|---|---|
| fixed length control field | 00825nam a22002297a 4500 |
| 003 - CONTROL NUMBER IDENTIFIER | |
| control field | 0 |
| 005 - DATE AND TIME OF LATEST TRANSACTION | |
| control field | 20250527111223.0 |
| 008 - FIXED-LENGTH DATA ELEMENTS--GENERAL INFORMATION | |
| fixed length control field | 220627b xxu||||| |||| 00| 0 eng d |
| 020 ## - INTERNATIONAL STANDARD BOOK NUMBER | |
| International Standard Book Number | 978-0-19-843452-8 |
| 050 ## - LIBRARY OF CONGRESS CALL NUMBER | |
| Classification number | TR IB PE 1460 |
| Item number | .A445 2019 |
| 100 ## - MAIN ENTRY--PERSONAL NAME | |
| Personal name | Allison, Rob, |
| Relator term | author. |
| 245 ## - TITLE STATEMENT | |
| Title | English a: |
| Remainder of title | language and Literature: course companion / |
| Statement of responsibility, etc | Rob Allison & Brian Chanen. |
| 250 ## - EDITION STATEMENT | |
| Edition statement | 2nd ed. |
| 260 ## - PUBLICATION, DISTRIBUTION, ETC. (IMPRINT) | |
| Place of publication, distribution, etc | Oxford, United Kingdom: |
| Name of publisher, distributor, etc | Oxford University press, |
| Date of publication, distribution, etc | 2019. |
| 300 ## - PHYSICAL DESCRIPTION | |
| Extent | vi, 402 pages : |
| Other physical details | color illustrations ; |
| Dimensions | 28 cm. |
| 500 ## - GENERAL NOTE | |
| General note | Oxford IB Diploma Program. |
| 504 ## - BIBLIOGRAPHY, ETC. NOTE | |
| Bibliography, etc | Includes bibliographical references and index. |
| 650 ## - SUBJECT ADDED ENTRY--TOPICAL TERM | |
| Topical term or geographic name as entry element | English language |
| General subdivision | Examinations |
| Form subdivision | Study guides. |
| 650 ## - SUBJECT ADDED ENTRY--TOPICAL TERM | |
| Topical term or geographic name as entry element | English literature |
| General subdivision | Examinations |
| Form subdivision | Study guides. |
| 700 ## - ADDED ENTRY--PERSONAL NAME | |
| Personal name | Chanen, Brian, |
| Relator term | author. |
| 942 ## - ADDED ENTRY ELEMENTS (KOHA) | |
| Source of classification or shelving scheme | Library of Congress Classification |
| Koha item type | Books |
| Withdrawn status | Lost status | Source of classification or shelving scheme | Damaged status | Home library | Current library | Shelving location | Date acquired | Source of acquisition | Total Checkouts | Total Renewals | Full call number | Barcode | Date last seen | Date checked out | Price effective from | Koha item type | Sub Shelving location |
|---|---|---|---|---|---|---|---|---|---|---|---|---|---|---|---|---|---|
| Library of Congress Classification | Luxembourg Library | Luxembourg Library | Teachers Reference Section | 06/27/2022 | Library Fund | 3 | 2 | TR IB PE 1460 .A445 2019 | 21010 | 06/20/2024 | 01/09/2024 | 06/27/2022 | Books | ||||
| Library of Congress Classification | Luxembourg Library | Luxembourg Library | Teachers Reference Section | 04/04/2025 | Library Fund | TR IB PE 1460 .A445 2019 | IB0322 | 05/27/2025 | 05/27/2025 | Books |